000 01570nam a22002177a 4500
999 _c59541
_d59541
003 Ge_BSU
005 20230313102526.0
008 230313s2016 ge ||||| |||| 00| 0 geo d
041 _ageo
080 _a613.88 ს-96
100 _aსურმანიძე, რამაზ
_917175
245 _aბავშვთა და მოზარდთა ასაკობრივ-სქესობრივი საფუძვლები :
_b(დამხმარე სახელმძღვანელო მშობლების, პედაგოგების და სკოლის ექიმებისთვის) /
_cრამაზ სურმანიძე ; რედაქტორი აკაკი ბერიძე.
264 _aთბილისი,
_c2016.
300 _a188 გვ. ;
_b20 სმ.
500 _aწიგნი გამოდის ქალთა არასამთავრობო ორგანიზაცია, ფონდი ”სოხუმის” ფინანსური მხარდაჭერით, აშშ სახელმწიფო დეპარტამენტის პროგრამის S/GWI Global Women, Peace and Security-ს ფარგლებში.
504 _aბიბლიოგრ. : გვ. 183-186.
653 _aბავშვთა სქესობრივი აღზრდა
653 _aმედიცინა
700 _aბერიძე, აკაკი
_eრედაქტორი
_917176
942 _2udc
_cBK